000 00740nam a2200241 i 4500
001 54782
003 ES-MaACL
005 20230906163024.0
007 t|
008 040114s2001 sp ||||0| spa d
020 _a84-7844-576-5 :
_c84-7844-567-5
040 _aM-BN
_bspa
_cM-BN
080 _a821.134.3-94"19"
100 1 _aAntunes, António Lobo.
_922000
245 1 0 _aLibro de crónicas
_b: una selección /
_cAntónio Lobo Antunes ; traducción de Mario Merlino.
260 _aMadrid :
_bSiruela,
_c[2001]
300 _a169 p ;
_c22 cm.
490 1 _aBiblioteca Lobo Antunes ;
_v5
830 0 _aBiblioteca Lobo Antunes ;
_v5
_9180547
852 _aES-MaACL
_jL-26825
_bR.132397
999 _c54782
_d54782